Most Populous First Level Subdivision by Country - Statistics

General Stats
  • This quiz has been taken 24 times
  • The average score is 12 of 15
Answer Stats
Country Population Most Populated Subdivision % Correct
United Kingdom 56.2 mil England
95%
Russia 12.6 mil Moscow
95%
Japan 14.0 mil Tokyo
95%
United States 39.5 mil California
91%
Bangladesh 42.6 mil Dhaka
91%
India 231.7 mil Uttar Pradesh
91%
Australia 8.1 mil New South Wales
86%
Brazil 46.6 mil São Paulo
86%
China 126.0 mil Guangdong
82%
Canada 14.6 mil Ontario
82%
Pakistan 109.9 mil Punjab
73%
Indonesia 50.1 mil West Java
64%
Mexico 16.9 mil State of Mexico
59%
Ethiopia 35.4 mil Oromia
45%
Egypt 9.2 mil Giza
32%
No matching quizzes found
Score Distribution
Percent of People with Each Score
Percentile by Number Answered
Your Score History
You have not taken this quiz